000
00208 a2200097 4500
001
5102
100
_a
Crowharst,NH
245
_a
element of electron physics
260
_a
_b
Gernsback
_c
090
_c
4246
_d
4246
942
_a
NUST-CAE
_c
M
_c
30541
999
_c
240175
_d
240175